[Event "MCRDMZ 2018"]
[Site "Varnsdorf"]
[Date "2018.06.17"]
[Round "4.3"]
[White "Vasinek Martin (BSS F-M A)"]
[Black "Mohapl Tomas (Loko Brno A)"]
[Result "1/2-1/2"]
[BlackElo "1563"]
[WhiteElo "1829"]
[LiveChessVersion "1.4.8"]

1. d4 {[%clk 0:25:16]} d5 {[%clk 0:25:19]} 2. c4 {[%clk 0:25:25]} c6
{[%clk 0:25:27]} 3. Nc3 {[%clk 0:25:34]} Nf6 {[%clk 0:25:34]} 4. e3
{[%clk 0:25:42]} dxc4 {[%clk 0:25:27]} 5. Bxc4 {[%clk 0:25:49]} Bf5
{[%clk 0:25:18]} 6. Nf3 {[%clk 0:25:54]} e6 {[%clk 0:24:36]} 7. h3
{[%clk 0:25:55]} Nbd7 {[%clk 0:24:00]} 8. O-O {[%clk 0:25:57]} Bd6
{[%clk 0:23:03]} 9. b3 {[%clk 0:25:55]} Nb6 {[%clk 0:22:21]} 10. Bd3
{[%clk 0:25:58]} Bg6 {[%clk 0:21:48]} 11. Bb2 {[%clk 0:25:44]} O-O
{[%clk 0:21:13]} 12. Bxg6 {[%clk 0:25:06]} hxg6 {[%clk 0:21:15]} 13. e4
{[%clk 0:25:09]} Be7 {[%clk 0:20:41]} 14. Re1 {[%clk 0:24:44]} Bb4
{[%clk 0:18:42]} 15. a3 {[%clk 0:24:38]} Bxc3 {[%clk 0:18:43]} 16. Bxc3
{[%clk 0:24:44]} Qd7 {[%clk 0:18:20]} 17. Ne5 {[%clk 0:24:37]} Qc7
{[%clk 0:18:09]} 18. Rc1 {[%clk 0:23:54]} Rfd8 {[%clk 0:17:07]} 19. Bb2
{[%clk 0:23:19]} Nbd7 {[%clk 0:14:21]} 20. Nxd7 {[%clk 0:21:54]} Qxd7
{[%clk 0:13:48]} 21. Qf3 Qe7 {[%clk 0:11:44]} 22. Red1 {[%clk 0:21:02]} Rd7
{[%clk 0:10:14]} 23. Qe2 {[%clk 0:05:39]} Rad8 {[%clk 0:08:36]} 24. b4
{[%clk 0:02:27]} Kf8 {[%clk 0:03:56]} 25. Qf3 {[%clk 0:02:02]} Kg8
{[%clk 0:02:45]} 26. Kh1 {[%clk 0:01:31]} Kh8 {[%clk 0:02:26]} 27. Kg1
{[%clk 0:01:17]} Kg8 {[%clk 0:01:46]} 28. Kh1 {[%clk 0:01:19]} Kh8
{[%clk 0:01:26]} 29. Qe3 {[%clk 0:01:08]} Kg8 {[%clk 0:01:20]} 30. Qf3
{[%clk 0:00:55]} Kf8 {[%clk 0:01:03]} 31. a4 {[%clk 0:00:51]} Kg8
{[%clk 0:01:10]} 32. Ba3 {[%clk 0:01:00]} a6 {[%clk 0:01:15]} 33. b5
{[%clk 0:01:06]} Qe8 {[%clk 0:01:00]} 34. e5 {[%clk 0:01:04]} Nd5
{[%clk 0:00:56]} 35. bxc6 {[%clk 0:01:07]} bxc6 {[%clk 0:01:01]} 36. Rxc6
{[%clk 0:01:06]} Ne7 {[%clk 0:00:49]} 37. Bxe7 {[%clk 0:01:10]} Qxe7
{[%clk 0:00:55]} 38. Rxa6 {[%clk 0:00:54]} Rxd4 {[%clk 0:00:59]} 39. Rxd4
{[%clk 0:01:02]} Rxd4 {[%clk 0:01:08]} 40. Ra8+ {[%clk 0:00:51]} Kh7
{[%clk 0:01:02]} 41. Qc3 {[%clk 0:00:31]} Qd7 {[%clk 0:00:57]} 42. Kh2
{[%clk 0:00:22]} Rxa4 {[%clk 0:00:58]} 43. Rxa4 {[%clk 0:00:23]} Qxa4
{[%clk 0:01:06]} 44. Qg3 {[%clk 0:00:26]} Qd4 {[%clk 0:01:05]} 45. f4
{[%clk 0:00:30]} Kg8 {[%clk 0:01:13]} 46. Qh4 {[%clk 0:00:36]} Qd7
{[%clk 0:01:00]} 47. Qg4 {[%clk 0:00:34]} Qe7 {[%clk 0:01:09]} 48. h4
{[%clk 0:00:39]} Qe8 {[%clk 0:01:13]} 49. h5 {[%clk 0:00:40]} gxh5
{[%clk 0:01:19]} 50. Qxh5 {[%clk 0:00:47]} Qa4 {[%clk 0:01:28]} 51. Qh4
{[%clk 0:00:47]} Qd4 {[%clk 0:01:37]} 52. Qg3 {[%clk 0:00:41]} Qd8
{[%clk 0:01:46]} 53. Qh3 {[%clk 0:00:45]} Qe7 {[%clk 0:01:55]} 54. Qg3
{[%clk 0:00:50]} f6 {[%clk 0:01:57]} 55. exf6 {[%clk 0:00:52]} Qxf6
{[%clk 0:02:06]} 56. Kg1 {[%clk 0:00:43]} Qa1+ {[%clk 0:02:13]} 57. Kh2
{[%clk 0:00:50]} Qd4 {[%clk 0:02:20]} 58. Kh3 {[%clk 0:00:48]} Kf7
{[%clk 0:02:28]} 59. Qg4 {[%clk 0:00:36]} Qe3+ {[%clk 0:02:37]} 60. Qf3
{[%clk 0:00:40]} Qxf3+ {[%clk 0:02:46]} 61. gxf3 {[%clk 0:00:49]} Kf6
{[%clk 0:02:53]} 62. Kg4 {[%clk 0:00:58]} Kg6 {[%clk 0:03:02]} 63. Kh4
{[%clk 0:01:01]} Kf5 {[%clk 0:03:11]} 64. Kg3 {[%clk 0:01:10]} g6
{[%clk 0:03:20]} 65. Kf2 {[%clk 0:01:18]} Kxf4 {[%clk 0:03:29]} 66. Kg2
{[%clk 0:01:27]} e5 {[%clk 0:03:38]} 67. Kf2 {[%clk 0:01:36]} g5 {[%clk 0:03:33]}
68. Kg2 {[%clk 0:01:44]} Ke3 {[%clk 0:03:42]} 69. Kg3 {[%clk 0:01:52]} Ke2
{[%clk 0:03:46]} 70. Kg4 {[%clk 0:01:55]} Ke3 {[%clk 0:03:54]} 71. Kg3
{[%clk 0:02:04]} Ke2 {[%clk 0:03:54]} 72. Kg2 {[%clk 0:02:08]} g4
{[%clk 0:03:45]} 73. fxg4 {[%clk 0:02:16]} e4 {[%clk 0:03:54]} 74. g5
{[%clk 0:02:24]} e3 {[%clk 0:04:03]} 75. g6 {[%clk 0:02:33]} Kd2 {[%clk 0:04:08]}
76. g7 {[%clk 0:02:41]} e2 {[%clk 0:04:17]} 77. g8=Q {[%clk 0:02:48]} e1=Q
{[%clk 0:04:24]} 78. Qd8+ {[%clk 0:02:53]} Kc2 {[%clk 0:04:21]} 79. Qc7+
{[%clk 0:03:01]} Kd3 {[%clk 0:04:24]} 80. Qd6+ {[%clk 0:03:08]} Kc3
{[%clk 0:04:28]} 81. Qc5+ {[%clk 0:03:13]} Kd3 {[%clk 0:04:33]} 82. Qd5+
{[%clk 0:03:20]} Kc2 {[%clk 0:04:38]} 83. Qc4+ {[%clk 0:03:24]} Kd1
{[%clk 0:04:43]} 84. Qd3+ {[%clk 0:03:28]} Kc1 {[%clk 0:04:51]} 85. Qc4+
{[%clk 0:03:35]} Kb1 {[%clk 0:04:56]} 86. Qb3+ {[%clk 0:03:43]} Ka1
{[%clk 0:04:59]} 87. Qa3+ {[%clk 0:03:51]} Kb1 {[%clk 0:05:07]} 88. Qb3+
{[%clk 0:03:57]} Kc1 {[%clk 0:05:06]} 89. Qa3+ {[%clk 0:03:58]} Kc2
{[%clk 0:05:12]} 90. Qa2+ {[%clk 0:04:05]} Kd3 {[%clk 0:05:20]} 91. Qb3+
{[%clk 0:04:13]} Kd4 {[%clk 0:05:25]} 92. Qb6+ {[%clk 0:04:21]} Kd5
{[%clk 0:05:29]} 93. Qb5+ {[%clk 0:04:22]} Kd4 {[%clk 0:05:38]} 94. Qd7+
{[%clk 0:04:29]} Kc5 {[%clk 0:05:44]} 95. Qc7+ {[%clk 0:04:36]} Kb5
{[%clk 0:05:42]} 96. Qb7+ {[%clk 0:04:42]} Ka4 {[%clk 0:05:43]} 97. Qa6+
{[%clk 0:04:49]} Kb4 {[%clk 0:05:47]} 98. Qb6+ {[%clk 0:04:56]} Ka3
{[%clk 0:05:52]} 99. Qc5+ {[%clk 0:05:02]} Ka4 {[%clk 0:05:55]} 1/2-1/2

[Event "MCRDMZ 2018"]
[Site "Varnsdorf"]
[Date "2018.06.17"]
[Round "4.4"]
[White "Ulcak Michael (Loko Brno A)"]
[Black "Licka Denis (BSS F-M A)"]
[Result "0-1"]
[BlackElo "1537"]
[WhiteElo "1551"]
[LiveChessVersion "1.4.8"]

1. e4 {[%clk 0:25:18]} c5 {[%clk 0:25:19]} 2. c3 {[%clk 0:25:27]} d5
{[%clk 0:25:17]} 3. exd5 {[%clk 0:25:35]} Qxd5 {[%clk 0:25:25]} 4. d4
{[%clk 0:25:42]} cxd4 {[%clk 0:21:44]} 5. cxd4 {[%clk 0:25:50]} Nc6
{[%clk 0:21:28]} 6. Nf3 {[%clk 0:25:57]} Bg4 {[%clk 0:21:35]} 7. Be2
{[%clk 0:26:05]} Nf6 {[%clk 0:21:35]} 8. O-O {[%clk 0:26:07]} e6 {[%clk 0:21:35]}
9. h3 {[%clk 0:25:03]} Bh5 {[%clk 0:21:32]} 10. Nc3 {[%clk 0:24:20]} Qd7
{[%clk 0:21:22]} 11. Bf4 {[%clk 0:23:43]} Bd6 {[%clk 0:21:17]} 12. Be3
{[%clk 0:23:27]} O-O {[%clk 0:21:09]} 13. Kh1 {[%clk 0:23:20]} a6
{[%clk 0:21:03]} 14. d5 {[%clk 0:23:18]} exd5 {[%clk 0:20:46]} 15. Nxd5
{[%clk 0:23:19]} Nxd5 {[%clk 0:18:28]} 16. Qxd5 {[%clk 0:23:24]} Bxf3 17. Bxf3
{[%clk 0:22:01]} Rad8 {[%clk 0:16:38]} 18. Rfd1 {[%clk 0:21:50]} Qe7
{[%clk 0:16:39]} 19. Qe4 {[%clk 0:21:15]} Qxe4 {[%clk 0:13:07]} 20. Bxe4
{[%clk 0:21:23]} Be5 {[%clk 0:13:04]} 21. Rab1 {[%clk 0:16:26]} Rxd1+
{[%clk 0:12:02]} 22. Rxd1 {[%clk 0:16:35]} Re8 {[%clk 0:11:21]} 23. b3
{[%clk 0:15:35]} g6 {[%clk 0:09:41]} 24. Rd7 {[%clk 0:14:18]} Rd8
{[%clk 0:08:52]} 25. Rxd8+ {[%clk 0:13:48]} Nxd8 {[%clk 0:08:55]} 26. Bc5
{[%clk 0:13:19]} Ne6 {[%clk 0:08:45]} 27. Be7 {[%clk 0:12:47]} b5
{[%clk 0:08:48]} 28. Bb4 {[%clk 0:12:03]} f5 {[%clk 0:08:47]} 29. Bd5
{[%clk 0:10:58]} Kf7 {[%clk 0:08:46]} 30. a3 {[%clk 0:10:49]} Bd4
{[%clk 0:08:22]} 31. Kg1 {[%clk 0:10:18]} Bb6 {[%clk 0:07:31]} 32. Kf1
{[%clk 0:09:14]} Kf6 {[%clk 0:07:36]} 33. Bc3+ {[%clk 0:09:00]} Ke7
{[%clk 0:07:42]} 34. Bb4+ {[%clk 0:09:00]} Kf6 {[%clk 0:06:39]} 35. Bc3+
{[%clk 0:07:43]} Bd4 {[%clk 0:06:26]} 36. Bxd4+ {[%clk 0:06:54]} Nxd4
{[%clk 0:06:34]} 37. b4 {[%clk 0:06:15]} Nc2 {[%clk 0:06:38]} 38. Bb7
{[%clk 0:06:23]} Nxa3 {[%clk 0:06:46]} 39. Bxa6 {[%clk 0:06:31]} Nc2
{[%clk 0:06:53]} 40. Bxb5 {[%clk 0:06:39]} Nxb4 {[%clk 0:07:01]} 41. Ke2
{[%clk 0:06:40]} g5 {[%clk 0:06:50]} 42. g3 {[%clk 0:05:56]} Nd5 {[%clk 0:06:22]}
43. Bc4 {[%clk 0:05:39]} Ke5 {[%clk 0:06:12]} 44. Bxd5 {[%clk 0:01:39]} Kxd5
{[%clk 0:06:15]} 45. Kf3 {[%clk 0:00:50]} Kd4 {[%clk 0:05:05]} 46. h4
{[%clk 0:00:22]} h6 {[%clk 0:04:21]} 47. hxg5 {[%clk 0:00:31]} hxg5
{[%clk 0:04:29]} 48. Kg2 {[%clk 0:00:26]} Ke4 {[%clk 0:03:50]} 49. f3+
{[%clk 0:00:13]} Ke3 {[%clk 0:03:58]} 50. f4 {[%clk 0:00:22]} g4 {[%clk 0:03:58]}
51. Kg1 {[%clk 0:00:18]} Kf3 {[%clk 0:04:00]} 52. Kh2 {[%clk 0:00:14]} Kf2
{[%clk 0:04:06]} 53. Kh1 {[%clk 0:00:23]} Kxg3 {[%clk 0:04:13]} 54. Kg1
{[%clk 0:00:32]} Kxf4 {[%clk 0:04:21]} 55. Kf2 {[%clk 0:00:41]} g3+
{[%clk 0:04:28]} 56. Kg2 {[%clk 0:00:50]} Kg4 {[%clk 0:04:37]} 57. Kg1
{[%clk 0:01:00]} Kh3 {[%clk 0:04:43]} 58. Kh1 {[%clk 0:01:08]} g2+
{[%clk 0:04:49]} 59. Kg1 {[%clk 0:01:17]} f4 {[%clk 0:04:59]} 0-1

[Event "MCRDMZ 2018"]
[Site "Varnsdorf"]
[Date "2018.06.17"]
[Round "4.5"]
[White "Farkova Katerina (BSS F-M A)"]
[Black "Hladky Mikulas (Loko Brno A)"]
[Result "1-0"]
[BlackElo "1242"]
[WhiteElo "1554"]
[LiveChessVersion "1.4.8"]

1. e4 {[%clk 0:25:17]} e5 {[%clk 0:25:18]} 2. Nf3 {[%clk 0:25:26]} Nc6
{[%clk 0:25:26]} 3. Nc3 {[%clk 0:25:35]} Nf6 {[%clk 0:25:34]} 4. Bc4
{[%clk 0:25:43]} Nxe4 {[%clk 0:25:37]} 5. Nxe4 {[%clk 0:25:51]} d5
{[%clk 0:25:45]} 6. Bd3 {[%clk 0:26:00]} dxe4 {[%clk 0:25:52]} 7. Bxe4
{[%clk 0:26:08]} Bc5 {[%clk 0:25:58]} 8. O-O {[%clk 0:26:15]} O-O
{[%clk 0:26:05]} 9. d3 {[%clk 0:26:10]} Bg4 {[%clk 0:26:07]} 10. h3
{[%clk 0:26:18]} Bh5 {[%clk 0:26:15]} 11. Be3 {[%clk 0:26:19]} Bb6
{[%clk 0:26:15]} 12. Qd2 {[%clk 0:26:04]} Bxf3 {[%clk 0:26:08]} 13. Bxf3
{[%clk 0:26:11]} Bxe3 {[%clk 0:26:14]} 14. fxe3 {[%clk 0:26:02]} Re8
{[%clk 0:26:18]} 15. Bh5 {[%clk 0:25:54]} Rf8 {[%clk 0:26:23]} 16. Rf2
{[%clk 0:25:35]} h6 {[%clk 0:26:25]} 17. Raf1 {[%clk 0:25:36]} f6
{[%clk 0:26:11]} 18. e4 {[%clk 0:25:27]} Qe7 {[%clk 0:26:09]} 19. Rf3
{[%clk 0:25:14]} Qc5+ {[%clk 0:25:59]} 20. Kh1 {[%clk 0:25:22]} Qe7
{[%clk 0:25:53]} 21. Rg3 {[%clk 0:25:26]} Rae8 {[%clk 0:25:59]} 22. Qxh6
{[%clk 0:25:31]} Rf7 {[%clk 0:25:51]} 23. Bxf7+ {[%clk 0:25:37]} Qxf7
{[%clk 0:25:58]} 24. Rxf6 {[%clk 0:25:18]} Qe7 {[%clk 0:25:52]} 25. Rfg6
{[%clk 0:25:12]} Qd7 {[%clk 0:25:38]} 26. Rxg7+ {[%clk 0:25:12]} Kf8
{[%clk 0:25:35]} 27. Qh8# {[%clk 0:25:12]} 1-0

[Event "MCRDMZ 2018"]
[Site "Varnsdorf"]
[Date "2018.06.17"]
[Round "4.6"]
[White "Vavrinkova Marie (Loko Brno A)"]
[Black "Buchtova Viktorie (BSS F-M A)"]
[Result "1/2-1/2"]
[BlackElo "1118"]
[WhiteElo "1364"]
[LiveChessVersion "1.4.8"]

1. e4 {[%clk 0:25:18]} e5 {[%clk 0:25:19]} 2. Nf3 {[%clk 0:25:24]} Nc6
{[%clk 0:25:26]} 3. Bb5 {[%clk 0:25:29]} Nf6 {[%clk 0:25:35]} 4. O-O
{[%clk 0:25:31]} Bb4 {[%clk 0:25:02]} 5. c3 {[%clk 0:25:19]} Bc5 {[%clk 0:25:07]}
6. Re1 {[%clk 0:24:22]} O-O {[%clk 0:25:06]} 7. d4 {[%clk 0:24:05]} Bb6
{[%clk 0:24:47]} 8. Bg5 {[%clk 0:23:43]} d6 {[%clk 0:24:16]} 9. d5
{[%clk 0:22:58]} Ne7 {[%clk 0:23:52]} 10. Bxf6 {[%clk 0:22:38]} gxf6
{[%clk 0:23:58]} 11. Nbd2 {[%clk 0:21:35]} Bg4 {[%clk 0:23:57]} 12. h3
{[%clk 0:21:36]} Bh5 {[%clk 0:24:05]} 13. Be2 {[%clk 0:21:36]} Kh8
{[%clk 0:24:00]} 14. Nh2 {[%clk 0:20:32]} Bg6 {[%clk 0:23:20]} 15. Bh5
{[%clk 0:19:41]} Rg8 {[%clk 0:22:39]} 16. Qf3 {[%clk 0:18:43]} f5
{[%clk 0:21:41]} 17. Rad1 {[%clk 0:17:07]} Qf8 {[%clk 0:19:15]} 18. exf5
{[%clk 0:13:23]} Bxf5 {[%clk 0:17:51]} 19. Bg4 {[%clk 0:11:26]} Qg7
{[%clk 0:17:18]} 20. Bxf5 {[%clk 0:10:54]} Nxf5 {[%clk 0:17:23]} 21. Ng4
{[%clk 0:10:18]} Nh4 {[%clk 0:17:12]} 22. Qg3 {[%clk 0:09:53]} Qg5
{[%clk 0:16:39]} 23. Nf3 {[%clk 0:08:29]} Nxf3+ {[%clk 0:15:15]} 24. Qxf3
{[%clk 0:08:32]} f5 {[%clk 0:15:06]} 25. Ne3 {[%clk 0:07:40]} e4 {[%clk 0:14:21]}
26. Qxf5 {[%clk 0:07:19]} Qh4 {[%clk 0:13:12]} 27. Ng4 {[%clk 0:05:51]} Raf8
{[%clk 0:12:21]} 28. Qxe4 {[%clk 0:04:50]} Bxf2+ {[%clk 0:12:22]} 29. Nxf2
{[%clk 0:04:18]} Qxf2+ {[%clk 0:12:27]} 30. Kh1 {[%clk 0:04:23]} Rf7
{[%clk 0:10:44]} 31. Qd4+ {[%clk 0:04:25]} Qxd4 {[%clk 0:09:56]} 32. Rxd4
{[%clk 0:04:33]} Rf2 {[%clk 0:10:01]} 33. Rg4 {[%clk 0:03:52]} Rxb2
{[%clk 0:09:17]} 34. Rxg8+ {[%clk 0:03:55]} Kxg8 {[%clk 0:09:25]} 35. Re8+
{[%clk 0:04:04]} Kf7 {[%clk 0:09:31]} 36. Rc8 {[%clk 0:04:01]} Rxa2
{[%clk 0:09:04]} 37. Rxc7+ {[%clk 0:04:08]} Kf6 {[%clk 0:08:52]} 38. Rxb7
{[%clk 0:04:00]} a5 {[%clk 0:08:44]} 39. Rxh7 {[%clk 0:03:41]} Ke5
{[%clk 0:08:20]} 40. c4 {[%clk 0:02:49]} a4 {[%clk 0:08:15]} 41. Ra7
{[%clk 0:02:52]} a3 {[%clk 0:07:51]} 42. Kg1 {[%clk 0:02:44]} Kd4
{[%clk 0:07:18]} 43. h4 {[%clk 0:01:43]} Kxc4 {[%clk 0:07:09]} 44. h5
{[%clk 0:01:52]} Ra1+ {[%clk 0:07:10]} 45. Kf2 {[%clk 0:01:54]} Kb3
{[%clk 0:07:06]} 46. h6 {[%clk 0:01:22]} Rh1 {[%clk 0:07:10]} 47. Rb7+
{[%clk 0:00:55]} Ka2 {[%clk 0:05:48]} 48. h7 {[%clk 0:00:45]} Ka1
{[%clk 0:05:43]} 49. Ke3 {[%clk 0:00:25]} 1/2-1/2

[Event "MCRDMZ 2018"]
[Site "Varnsdorf"]
[Date "2018.06.17"]
[Round "4.7"]
[White "Finek Vaclav (Liberec)"]
[Black "Hrbek Stepan (Polabiny A)"]
[Result "1/2-1/2"]
[BlackElo "1785"]
[WhiteElo "2186"]
[LiveChessVersion "1.4.8"]

1. e4 {[%clk 0:25:19]} c5 {[%clk 0:25:20]} 2. Nf3 {[%clk 0:25:27]} g6
{[%clk 0:25:29]} 3. d4 {[%clk 0:25:29]} cxd4 {[%clk 0:25:37]} 4. Nxd4
{[%clk 0:25:38]} Bg7 {[%clk 0:25:46]} 5. Be3 {[%clk 0:25:41]} Nc6
{[%clk 0:25:41]} 6. Nc3 {[%clk 0:25:42]} Nf6 {[%clk 0:25:50]} 7. Bc4
{[%clk 0:25:43]} O-O {[%clk 0:25:57]} 8. O-O {[%clk 0:25:51]} d6 {[%clk 0:25:09]}
9. Qd2 {[%clk 0:23:48]} Ng4 {[%clk 0:21:20]} 10. Nxc6 {[%clk 0:22:37]} bxc6
{[%clk 0:21:28]} 11. Bg5 {[%clk 0:22:33]} Be6 {[%clk 0:19:00]} 12. Bb3
{[%clk 0:20:46]} h6 {[%clk 0:11:33]} 13. Bf4 {[%clk 0:17:24]} Kh7
{[%clk 0:11:36]} 14. Rad1 {[%clk 0:15:36]} Qc7 {[%clk 0:10:55]} 15. h3
{[%clk 0:13:12]} Ne5 {[%clk 0:11:03]} 16. Bxe5 {[%clk 0:12:56]} Bxe5
{[%clk 0:09:46]} 17. f4 {[%clk 0:13:02]} Bf6 {[%clk 0:09:11]} 18. Kh1
{[%clk 0:11:53]} Bxb3 {[%clk 0:06:39]} 19. axb3 {[%clk 0:11:35]} Rad8
{[%clk 0:06:38]} 20. Qe3 {[%clk 0:10:43]} e5 {[%clk 0:05:03]} 21. f5
{[%clk 0:10:15]} g5 {[%clk 0:04:20]} 22. Ra1 {[%clk 0:09:21]} Rd7
{[%clk 0:04:18]} 23. Ra6 {[%clk 0:08:42]} Rb8 {[%clk 0:03:55]} 24. Rfa1
{[%clk 0:08:05]} Rb7 {[%clk 0:03:59]} 25. R1a4 {[%clk 0:07:38]} Kg7
{[%clk 0:03:06]} 26. Rc4 {[%clk 0:07:00]} Rb6 {[%clk 0:03:16]} 27. Rxb6
{[%clk 0:05:51]} axb6 {[%clk 0:03:25]} 1/2-1/2

[Event "MCRDMZ 2018"]
[Site "Varnsdorf"]
[Date "2018.06.17"]
[Round "4.8"]
[White "Brozka Karel (Polabiny A)"]
[Black "Papousek Michal (Liberec)"]
[Result "1-0"]
[BlackElo "1526"]
[WhiteElo "1735"]
[LiveChessVersion "1.4.8"]

1. d4 {[%clk 0:25:12]} d5 {[%clk 0:25:18]} 2. Nf3 {[%clk 0:25:11]} e6
{[%clk 0:24:18]} 3. c4 {[%clk 0:24:47]} Nf6 {[%clk 0:23:39]} 4. Nc3
{[%clk 0:24:34]} h6 {[%clk 0:23:17]} 5. Bf4 {[%clk 0:24:10]} Nc6 {[%clk 0:21:11]}
6. e3 {[%clk 0:23:38]} Bd6 {[%clk 0:19:24]} 7. Bxd6 {[%clk 0:23:12]} Qxd6
{[%clk 0:19:27]} 8. cxd5 {[%clk 0:23:13]} exd5 {[%clk 0:18:39]} 9. Bd3
{[%clk 0:22:56]} Bg4 {[%clk 0:17:20]} 10. h3 {[%clk 0:22:30]} Be6
{[%clk 0:17:22]} 11. Qb3 {[%clk 0:22:07]} Rb8 {[%clk 0:17:13]} 12. O-O
{[%clk 0:21:53]} O-O {[%clk 0:17:18]} 13. Rfc1 {[%clk 0:21:24]} a6
{[%clk 0:16:06]} 14. Na4 {[%clk 0:21:07]} Nd7 {[%clk 0:13:57]} 15. a3
{[%clk 0:20:20]} Rfc8 {[%clk 0:12:44]} 16. Qc2 {[%clk 0:20:13]} Ra8
{[%clk 0:11:02]} 17. Nc5 {[%clk 0:19:45]} Nxc5 {[%clk 0:10:37]} 18. Qxc5
{[%clk 0:19:30]} Qxc5 {[%clk 0:10:12]} 19. Rxc5 {[%clk 0:19:30]} Ne7
{[%clk 0:09:46]} 20. Rac1 {[%clk 0:19:30]} c6 {[%clk 0:09:53]} 21. Ne5
{[%clk 0:19:36]} Rc7 {[%clk 0:08:58]} 22. b4 {[%clk 0:19:12]} Rcc8
{[%clk 0:08:17]} 23. a4 {[%clk 0:18:34]} f6 {[%clk 0:07:22]} 24. Ng6
{[%clk 0:17:51]} Kf7 {[%clk 0:06:00]} 25. Nf4 {[%clk 0:15:34]} Bd7
{[%clk 0:05:19]} 26. h4 {[%clk 0:14:09]} g6 {[%clk 0:04:23]} 27. g3
{[%clk 0:12:11]} f5 {[%clk 0:04:02]} 28. Be2 {[%clk 0:11:37]} Kf6
{[%clk 0:03:20]} 29. Nd3 {[%clk 0:11:30]} b6 {[%clk 0:02:22]} 30. R5c3
{[%clk 0:11:04]} a5 {[%clk 0:02:09]} 31. bxa5 {[%clk 0:10:06]} Rxa5
{[%clk 0:02:13]} 32. Ne5 {[%clk 0:09:59]} Be8 {[%clk 0:02:19]} 33. Rb1
{[%clk 0:09:24]} Rxa4 {[%clk 0:01:12]} 34. Rxb6 {[%clk 0:09:28]} Ra7
{[%clk 0:00:41]} 35. Nd3 {[%clk 0:07:05]} Kf7 {[%clk 0:00:24]} 36. Nb4
{[%clk 0:06:42]} Ke6 {[%clk 0:00:26]} 37. Ba6 {[%clk 0:06:20]} Rcc7
{[%clk 0:00:34]} 38. Rc5 {[%clk 0:06:17]} Kd6 {[%clk 0:00:34]} 39. Rb8
{[%clk 0:05:45]} Bd7 {[%clk 0:00:30]} 40. Kf1 {[%clk 0:05:33]} Ke6
{[%clk 0:00:11]} 41. Ke2 {[%clk 0:05:22]} Kd6 {[%clk 0:00:18]} 42. Kd3
{[%clk 0:05:25]} Bc8 {[%clk 0:00:22]} 43. Bxc8 {[%clk 0:05:17]} Nxc8
{[%clk 0:00:30]} 44. Rxc6+ {[%clk 0:04:06]} Rxc6 {[%clk 0:00:25]} 45. Nxc6
{[%clk 0:04:14]} Ra3+ {[%clk 0:00:25]} 46. Ke2 {[%clk 0:04:02]} Kc7
{[%clk 0:00:34]} 47. Rb5 {[%clk 0:03:23]} Kxc6 {[%clk 0:00:37]} 48. Rc5+
{[%clk 0:03:32]} Kd7 {[%clk 0:00:36]} 49. Rxd5+ {[%clk 0:03:40]} Nd6
{[%clk 0:00:33]} 50. Kf3 {[%clk 0:03:20]} Ke6 {[%clk 0:00:28]} 51. Re5+
{[%clk 0:03:18]} Kf6 {[%clk 0:00:36]} 52. Rc5 {[%clk 0:03:07]} Ra2
{[%clk 0:00:27]} 53. Rc6 {[%clk 0:02:55]} Ke6 {[%clk 0:00:36]} 54. h5
{[%clk 0:02:41]} g5 {[%clk 0:00:31]} 55. Rb6 {[%clk 0:02:35]} g4+
{[%clk 0:00:22]} 56. Kg2 {[%clk 0:02:28]} Kd5 {[%clk 0:00:20]} 57. Kg1
{[%clk 0:02:09]} Ra1+ {[%clk 0:00:16]} 58. Kg2 {[%clk 0:02:10]} Ra2
{[%clk 0:00:16]} 59. Kg1 {[%clk 0:02:06]} Ra5 {[%clk 0:00:20]} 60. Rb8
{[%clk 0:01:42]} Ke4 {[%clk 0:00:13]} 61. Rb6 {[%clk 0:01:30]} Nf7
{[%clk 0:00:12]} 62. Kg2 {[%clk 0:01:31]} Kd5 1-0